000
00323nam a22001457a 4500
003
SGT
020
_a
9789350593301
082
_a
320.011
_b
GAU
100
_a
GAUBA , O P
245
_a
AN INTRODUCTION TO POLITICAL THEORY
250
_a
6
260
_a
GURGAON
_b
MACMILLAN
_c
2013
300
_a
XVII, 653
942
_2
ddc
_c
BK
_0
29
999
_c
19771
_d
19771